[Event "Mittelrhein Verbandsliga-W 17/18"]
[Site "Nordrheinwestfalen"]
[Date "2018.04.15"]
[Round "10.5"]
[White "Kart, Boris"]
[Black "Trinkel, Fabian"]
[Result "1/2-1/2"]
[WhiteElo "1803"]
[BlackElo "1821"]
[PlyCount "32"]
[EventDate "2017.09.10"]
[EventType "team-tourn"]
[EventRounds "11"]
[EventCountry "GER"]
[SourceTitle "EXT 2022"]
[Source "ChessBase"]
[SourceDate "2021.10.06"]
[SourceVersion "1"]
[SourceVersionDate "2021.10.06"]
[SourceQuality "1"]
[WhiteTeam "Bruehl III"]
[BlackTeam "Dueren Derichsweiler"]
[WhiteTeamCountry "GER"]
[BlackTeamCountry "GER"]

1. e4 e5 2. Nf3 Nc6 3. Bc4 Bc5 4. c3 Nf6 5. d4 exd4 6. cxd4 Bb4+ 7. Nc3 Nxe4 8. 0-0 Bxc3 9. d5 Ne5 10. bxc3 Nxc4 11. Qd4 0-0 12. Qxc4 Nd6 13. Qb3 b6 14. Ba3 Qf6 15. Rfe1 Bb7 16. Ne5 Rfe8 1/2-1/2

[Event "Mittelrhein Verbandsliga-W 17/18"]
[Site "Nordrheinwestfalen"]
[Date "2018.02.25"]
[Round "8.5"]
[White "Fuss, Hubert"]
[Black "Trinkel, Fabian"]
[Result "1/2-1/2"]
[WhiteElo "1867"]
[BlackElo "1821"]
[PlyCount "39"]
[EventDate "2017.09.10"]
[EventType "team-tourn"]
[EventRounds "11"]
[EventCountry "GER"]
[SourceTitle "EXT 2022"]
[Source "ChessBase"]
[SourceDate "2021.10.06"]
[SourceVersion "1"]
[SourceVersionDate "2021.10.06"]
[SourceQuality "1"]
[WhiteTeam "Alsdorf SVG"]
[BlackTeam "Dueren Derichsweiler"]
[WhiteTeamCountry "GER"]
[BlackTeamCountry "GER"]

1. d4 d5 2. c4 e6 3. Nf3 Nf6 4. Nc3 Be7 5. Bg5 0-0 6. e3 Nbd7 7. Bd3 dxc4 8. Bxc4 c5 9. 0-0 a6 10. a4 Nb6 11. Bd3 Nbd5 12. Nxd5 Nxd5 13. Bxe7 Qxe7 14. Rc1 cxd4 15. Nxd4 e5 16. Nb3 e4 17. Bc4 Nb6 18. Nd4 Bd7 19. b3 Rac8 20. Qe2 1/2-1/2

[Event "Mittelrhein Verbandsliga-W 15/16"]
[Site "Nordrheinwestfalen"]
[Date "2016.03.13"]
[Round "9.4"]
[White "Schreyer, Erik"]
[Black "Trinkel, Fabian"]
[Result "1-0"]
[WhiteElo "1971"]
[BlackElo "1756"]
[PlyCount "65"]
[EventDate "2015.09.06"]
[EventType "team-tourn"]
[EventRounds "11"]
[EventCountry "GER"]
[SourceTitle "EXT 2022"]
[Source "ChessBase"]
[SourceDate "2021.10.06"]
[SourceVersion "1"]
[SourceVersionDate "2021.10.06"]
[SourceQuality "1"]
[WhiteTeam "Herzogenrath"]
[BlackTeam "Dueren Derichsweiler"]
[WhiteTeamCountry "GER"]
[BlackTeamCountry "GER"]

1. e4 e5 2. Nf3 Nc6 3. d4 exd4 4. Nxd4 Bc5 5. Be3 Qf6 6. c3 Nge7 7. g3 d5 8. Bg2 dxe4 9. Nb5 Bd6 10. Nxd6+ cxd6 11. Bxe4 Bh3 12. Na3 0-0 13. Bxh7+ Kxh7 14. Qh5+ Kg8 15. Qxh3 Qf3 16. 0-0 Ne5 17. Nb5 Qe2 18. Nxd6 Qxb2 19. Qh5 N5g6 20. Bd4 Nc6 21. Rfb1 Qd2 22. Rd1 Qc2 23. Rdc1 Qd2 24. Ne4 Qd3 25. Ng5 Nge7 26. Bc5 b6 27. Rd1 Qf5 28. g4 Qg6 29. Qxg6 fxg6 30. Bxe7 Nxe7 31. Rd7 Rf4 32. h3 Nc6 33. Rxg7+ 1-0

[Event "Goch op 26th"]
[Site "Goch"]
[Date "2015.09.04"]
[Round "2"]
[White "Goossens, Hanne"]
[Black "Trinkel, Fabian"]
[Result "1-0"]
[WhiteElo "2209"]
[BlackElo "1758"]
[PlyCount "45"]
[EventDate "2015.09.03"]
[EventType "swiss"]
[EventRounds "7"]
[EventCountry "GER"]
[SourceTitle "EXT 2018"]
[Source "ChessBase"]
[SourceDate "2017.10.13"]
[SourceVersion "1"]
[SourceVersionDate "2017.10.13"]
[SourceQuality "1"]

1. e4 d5 2. exd5 Qxd5 3. Nc3 Qa5 4. d4 Nf6 5. Nf3 Bg4 6. h3 Bh5 7. g4 Bg6 8. Ne5 Nbd7 9. Nc4 Qa6 10. h4 Qe6+ 11. Ne3 h5 12. g5 Ng4 13. Be2 0-0-0 14. d5 Nxe3 15. dxe6 Nxd1 16. exd7+ Rxd7 17. Bxd1 e6 18. Be3 Bb4 19. Rc1 Be4 20. Rg1 Bc6 21. Be2 f5 22. a3 Bd6 23. Nb5 1-0